LIBRARY ONLINE CATALOGUE

Introduction to mathematical statistics / (Record no. 10750)

MARC details
000 -LEADER
fixed length control field 00721nam a22002292 4500
001 - CONTROL NUMBER
control field 0000004279
005 - DATE AND TIME OF LATEST TRANSACTION
control field 20151217154346.0
008 - FIXED-LENGTH DATA ELEMENTS--GENERAL INFORMATION
fixed length control field 070522s xx 000 0 eng d
020 ## - INTERNATIONAL STANDARD BOOK NUMBER
International Standard Book Number 0023557222 :
Terms of availability KES 8,282
040 ## - CATALOGING SOURCE
Original cataloging agency KABU
Transcribing agency KABU
050 #0 - LIBRARY OF CONGRESS CALL NUMBER
Classification number QA276
Item number .H64 1995
100 1# - MAIN ENTRY--PERSONAL NAME
Personal name Hogg, Robert V.
-- 0000148195
245 10 - TITLE STATEMENT
Title Introduction to mathematical statistics /
Statement of responsibility, etc. Robert V. Hogg, Allen T. Craig.
250 ## - EDITION STATEMENT
Edition statement 5th ed.
260 ## - PUBLICATION, DISTRIBUTION, ETC. (IMPRINT)
Place of publication, distribution, etc. Upper Saddle River, NJ :
Name of publisher, distributor, etc. Prentice Hall,
Date of publication, distribution, etc. 1995.
300 ## - PHYSICAL DESCRIPTION
Extent xi, 564 p. ;
Dimensions 24 cm.
650 #0 - SUBJECT ADDED ENTRY--TOPICAL TERM
Topical term or geographic name as entry element Mathematical statistics.
-- 0000148196
700 1# - ADDED ENTRY--PERSONAL NAME
Personal name Craig, Allen T.
-- 0000148198
908 ## - PUT COMMAND PARAMETER (RLIN)
Put command parameter 070522
950 ## - LOCAL HOLDINGS (RLIN)
-- 1
Holdings
Withdrawn status Lost status Source of classification or shelving scheme Not for loan Home library Current library Date acquired Total Checkouts Total Renewals Full call number Barcode Date last seen Date last checked out Price effective from Koha item type
    Library of Congress Classification   Kabarak, Main Campus Kabarak, Main Campus 17/12/2015 27 3 QA276 .H64 1995 008498 29/03/2025 28/03/2025 17/12/2015 General Collection